000 01193cam a2200289 4500
008 020301n1999 000 0 eng u
020 _a0922154562
035 _a(Sirsi) u116925
041 _aeng.
050 _a333.3320973
100 _aGimmy, A.
245 4 _aThe business of show business: the valuation of movie theaters
260 _aChicago
_bAppraisal Institute
_c1999
300 _a96p.
_bill.
_c24cm.
350 _a19.50
520 _aThis Amercian text examines the movie exhibition industry and the niche property types it has spawned. Begins with a survey of emerging trends and industry terminology and moves on to discuss specific data on the exhibition industry and leading exhibitors. A case study brings together all the data and applications discussed in the preceding chapters and illustrates how movie theater projects can be valued.
650 _aCINEMAS
650 _aAPPRAISAL TECHNIQUES
650 _aVALUATION METHODOLOGY
650 _aFILM INDUSTRY
650 _aMULTI-SCREEN COMPLEXES
650 _aUNITED STATES
690 _aPROPERTY-PROPERTY APPRAISAL AND VALUATION
700 _aGates, M.
700 _aMcKinley, M.
_xEditor
942 _n0
999 _c101918
_d101918